000 00475nam a2200181Ia 4500
001 20796
005 20260306172832.0
008 260306t2006||||xx |||||||||||||| ||spa||
041 _aESP
082 _a343.8
_bB85
100 _aBrun Herbozo, Henry
_eAUT
245 0 _aManual práctico de procedimientos tributarios y defensoría del contribuyente
260 _c2006
300 _a512 páginas :
_c24 cm.
650 _aGEN
654 _aCDE
942 _cLIB
_dJUS
_fJUS
_2ddc
_n
999 _c20796
_d20796